| 000 | 00379nam a22001337a 4500 | ||
|---|---|---|---|
| 020 | _a0-412-21490-3 | ||
| 082 | _a621.8672 MAR'P | ||
| 100 |
_aLEUNG, L. S , MARCUS, R. D , KLINZING, G. E _962400 |
||
| 245 | _aPNEUMATIC CONVERGING OF SOLIDS | ||
| 260 |
_aLONDON _bCHAPMAN & HALL _c1990 |
||
| 300 | _a 575P | ||
| 650 |
_aSOLIDS PNEUMATIC TRANPORT IN PIPES _962401 |
||
| 942 | _cBK | ||
| 999 |
_c571518 _d571518 |
||